Mathematiques : classes de premiere cd
Αποθηκεύτηκε σε:
| Κύριος συγγραφέας: | |
|---|---|
| Μορφή: | Βιβλίο |
| Γλώσσα: | French |
| Δημοσίευση: |
Paris :
Editions de L'ecole,
1967.
|
| Έκδοση: | 2e ed. |
| Θέματα: | |
| Ετικέτες: |
Προσθήκη ετικέτας
Δεν υπάρχουν, Καταχωρήστε ετικέτα πρώτοι!
|
MARC
| LEADER | 00000cam a2200000 i 4500 | ||
|---|---|---|---|
| 001 | 1/99565 | ||
| 008 | 081216t1967 fr ||| | fre|| | ||
| 035 | |l 10102513 | ||
| 040 | |a GR-MyUA |b gre |e AACR2 | ||
| 041 | 0 | |a fre | |
| 082 | 0 | |a 510 |2 (22) | |
| 100 | 1 | |a Breard, C. |q (Camille) | |
| 245 | 1 | 0 | |a Mathematiques : |b classes de premiere cd / |c C. Breard |
| 250 | |a 2e ed. | ||
| 260 | |a Paris : |b Editions de L'ecole, |c 1967. | ||
| 300 | |a 548 σ. : |b εικ. ; |c 23 εκ. | ||
| 504 | |a Περιέχει ευρετήριο. | ||
| 650 | 0 | 0 | |a Mathematics. |
| 852 | |a INST |b SAMOS |c MAG |e 20081216 |h 510 BRE |p 005300029519 |q 005300029519 |t BK |y 0 | ||
| 901 | |a BIBL3-2008-3 | ||
| 909 | |a Σ |b 155454 | ||
| 970 | |a ΡΟΥΣΣΟΥ |b ΚΩΝΣΤΑΝΤΙΝΑ |z 2008/12/16 | ||